Giáo trình tâm lí học quản lí

Na minha lista:
Detalhes bibliográficos
Autor principal: Vũ Dũng
Formato: Livro
Idioma:Vietnamese
Publicado em: H. Nxb. Đại học Sư phạm 2017
Edição:In lần thứ tư
Assuntos:
Tags: Adicionar Tag
Sem tags, seja o primeiro a adicionar uma tag!
Thư viện lưu trữ: Mạng thư viện Đại học Đà Nẵng
LEADER 01100nam a2200349 4500
001 000025127
003 21618
005 20170531150520.0
008 170511s2017 viesd
020 |c 75000 
041 0 |a vie 
082 1 4 |a 158.4  |b VU-D 
100 1 |a Vũ Dũng 
245 1 0 |a Giáo trình tâm lí học quản lí  |c Vũ Dũng 
250 |a In lần thứ tư 
260 |a H.  |b Nxb. Đại học Sư phạm  |c 2017 
300 |a 363 tr.  |b bảng  |c 21 cm. 
650 0 4 |a Quản lý nhân sự  |v Giáo trình 
650 0 4 |a Tâm lí học  |v Giáo trình 
653 |a Giáo trình 
653 |a Tâm lí học 
653 |a Quản lý 
OWN |a LSP 
AVA |a UDN50  |b LSP  |d 158.4 VU-D  |e check_holdings  |t Error 5003 Not defined in file expand_doc_bib_avail.  |h N  |k 1 
999 |a From the UDN01 
AVA |a UDN50  |b LSP  |d 158.4 VU-D  |e available  |t Error 5001 Not defined in file expand_doc_bib_avail.  |f 20  |g 4  |h N  |i 50  |k 1 
TYP |a Monograph 
TYP |a Printed language 
980 |a Mạng thư viện Đại học Đà Nẵng